000 00577nam a2200181 4500
003 LK-CoDNM
005 20240126143342.0
008 240126b |||||||| |||| 00| 0 eng d
020 _a9786240016551
040 _aLK-CoDNM
_dLK-CoDNM
_eLK-CoDNM
041 _asin
080 _a294.3
_bGOD
100 _aගොඩගේ,සිරිසුමන
245 _aකය වචන දෙකින් පින් - පව් සිතින් කුසල් - අකුසල්
260 _aColombo
_bS Godage Saha Sahodarayo
_c2023
300 _a72p.,21cm
942 _n0
_cBK
999 _c144645
_d144645